00266nam a2200109Ia 4500008004100000041000800041082001400049100001100063245003000074260003300104300001900137241015s9999 xx 000 0 und d aeng a158.3 PUR aPurdie aLife Coaching For Dummies bWiley IndiaaNew Delhic2010 a360;. p. 23 cm